| 000 | 00390nam a2200157Ia 4500 | ||
|---|---|---|---|
| 003 | GCL | ||
| 008 | 140319s9999 xx 000 0 eng d | ||
| 040 |
_aGCL / _cGCL |
||
| 082 | 0 | 4 |
_a583.323 _bB T |
| 100 | 1 | _aBUTLER, COLIN G. | |
| 245 | 1 | 0 |
_aTHE WORLD OF THE HOREYBEE / _cBUTLER, COLIN G. |
| 260 |
_a[S.N] : _bCOLLINS ، _c1977 |
||
| 300 | _a226 | ||
| 650 | 0 | 4 | _aHONEYBEE |
| 942 |
_2ddc _cBK |
||
| 999 |
_c12590 _d12590 |
||